| 000 | 00767nam a2200229Ia 4500 | ||
|---|---|---|---|
| 005 | 20251020182513.0 | ||
| 008 | 200515s9999 xx 000 0 und d | ||
| 020 | _a958-04-2746-1 | ||
| 082 | _a658.008/S74 | ||
| 100 | _aSpendolini, Michael J. | ||
| 245 | 0 | _aBenchmarking | |
| 260 | _aSantafé de Bogotá, D.C. | ||
| 260 | _c1994 | ||
| 300 | _a245 p. | ||
| 500 | _a1 ejemplar | ||
| 520 | _aSimplifica todo el proceso de Benchmarking al presentarse una destilación de como funcionan lo mejores programas que han usado este sistema en los Estados Unidos. Investigo los procesos, los errores y los descubrimientos de varios practicantes exitosos | ||
| 650 | _aBENCHMARKING | ||
| 650 | _aLIB | ||
| 650 | _aRECURSOS HUMANOS | ||
| 942 | _cLIB | ||
| 999 |
_c1508 _d1508 |
||